VCE Legal Studies - Unit 3 AOS1 True or False - Statistics

General Stats
  • This quiz has been taken 33 times
    32 since last reset
  • The average score is 8 of 15
Answer Stats
Question Answer % Correct
The burden of proof refers to a party's responsibility to prove the facts of the case True
94%
VLA* only provides duty lawyer services for those accused of indictable offences False
78%
Accused people applying for a VLA* grant of legal assistance must satisfy the means test True
78%
Specialist CLCs* focus on a particular group of people or area of law while generalist CLCs provide broad legal services to people in a particular geographical location True
78%
Only those accused of an indictable offence have the right to a trial by jury True
72%
Some indictable offences can be heard in the Magistrates' Court True
72%
According to the principle of access, the justice system and its processes should be open False
61%
Victims only have the right to be informed of the likely release date of the offender if they are on the Victims Register True
56%
'Beyond reasonable doubt' means absolute certainty False
50%
One right of the accused is the right to legal representation False
33%
CLCs usually provide ongoing legal assistance for both summary and indictable offences False
33%
Duty lawyer services are only provided to victims at the Magistrates' Court seeking intervention orders True
33%
All victims who are also witnesses have the right to give evidence using alternative arrangements False
28%
VLA only offers initial legal advice to victims seeking financial assistance or compensation from the offender True
28%
Both VLA and CLCs offer grants of legal assistance as a service False
22%
No matching quizzes found
Score Distribution
Percent of People with Each Score
Percentile by Number Answered
Your Score History
You have not taken this quiz since the last reset